[Event "AsianNationCup2018-OpenRapid"]
[Site "?"]
[Date "2018.07.27"]
[Round "7.9"]
[White "Yakubboev, Nodirbek"]
[Black "Hossain, Enamul"]
[Result "1-0"]
[BlackElo "2491"]
[WhiteElo "2272"]
[LiveChessVersion "1.4.8"]

1. Nf3 {[%clk 0:15:16]} c5 {[%clk 0:15:18]} 2. e4 {[%clk 0:15:16]} e6
{[%clk 0:15:23]} 3. Nc3 {[%clk 0:14:50]} Nc6 {[%clk 0:15:03]} 4. Bb5
{[%clk 0:14:35]} Nd4 {[%clk 0:14:45]} 5. Bc4 {[%clk 0:14:00]} a6 {[%clk 0:14:24]}
6. a4 {[%clk 0:13:37]} Ne7 {[%clk 0:14:25]} 7. O-O {[%clk 0:13:06]} Nec6
{[%clk 0:14:22]} 8. d3 {[%clk 0:12:25]} Be7 {[%clk 0:14:11]} 9. Nxd4
{[%clk 0:12:12]} Nxd4 {[%clk 0:14:14]} 10. Be3 {[%clk 0:11:40]} O-O
{[%clk 0:12:38]} 11. f4 {[%clk 0:10:14]} d6 {[%clk 0:11:46]} 12. Ne2
{[%clk 0:08:56]} Nxe2+ {[%clk 0:11:18]} 13. Qxe2 {[%clk 0:09:05]} Bd7
{[%clk 0:10:28]} 14. a5 {[%clk 0:08:13]} Bb5 {[%clk 0:09:06]} 15. Qf3
{[%clk 0:06:09]} Bc6 {[%clk 0:07:27]} 16. f5 {[%clk 0:05:08]} d5 {[%clk 0:04:57]}
17. Ba2 {[%clk 0:05:14]} Bf6 {[%clk 0:03:34]} 18. Bxc5 {[%clk 0:03:54]} dxe4
{[%clk 0:03:40]} 19. dxe4 {[%clk 0:03:51]} Bd4+ {[%clk 0:03:48]} 20. Bxd4
{[%clk 0:03:58]} Qxd4+ {[%clk 0:03:57]} 21. Qf2 {[%clk 0:04:07]} Qxe4
{[%clk 0:03:46]} 22. Rae1 {[%clk 0:04:12]} Qxf5 {[%clk 0:03:01]} 23. Qxf5 exf5
{[%clk 0:03:09]} 24. Rxf5 {[%clk 0:04:05]} Rad8 {[%clk 0:03:06]} 25. Re7
{[%clk 0:03:56]} Rd1+ {[%clk 0:02:30]} 26. Kf2 {[%clk 0:02:38]} g6
{[%clk 0:00:44]} 27. Bxf7+ {[%clk 0:02:18]} Kh8 {[%clk 0:00:29]} 28. Bxg6
{[%clk 0:02:07]} Rxf5+ {[%clk 0:00:36]} 29. Bxf5 {[%clk 0:02:16]} Rd2+
{[%clk 0:00:44]} 30. Re2 {[%clk 0:01:27]} Rd5 {[%clk 0:00:48]} 31. g4
{[%clk 0:01:28]} h5 {[%clk 0:00:25]} 32. b4 {[%clk 0:01:03]} hxg4
{[%clk 0:00:33]} 33. Be6 {[%clk 0:00:50]} Rd4 {[%clk 0:00:38]} 34. c3
{[%clk 0:00:27]} Rf4+ {[%clk 0:00:47]} 35. Ke3 {[%clk 0:00:30]} Rf3+
{[%clk 0:00:42]} 36. Kd4 {[%clk 0:00:35]} g3 {[%clk 0:00:50]} 37. hxg3
{[%clk 0:00:37]} Rxg3 {[%clk 0:00:59]} 38. c4 {[%clk 0:00:44]} Kg7
{[%clk 0:01:01]} 39. Kc5 {[%clk 0:00:46]} Kf6 {[%clk 0:01:03]} 40. Bd5
{[%clk 0:00:46]} Rg5 {[%clk 0:00:33]} 41. Re6+ {[%clk 0:00:48]} Kf5
{[%clk 0:00:42]} 42. Re2 {[%clk 0:00:47]} Kf6 {[%clk 0:00:42]} 43. Kd6
{[%clk 0:00:55]} Bxd5 {[%clk 0:00:17]} 44. cxd5 {[%clk 0:01:03]} Rg4
{[%clk 0:00:18]} 45. Rf2+ {[%clk 0:01:12]} Kg6 {[%clk 0:00:25]} 46. Kc5
{[%clk 0:01:15]} 1-0

[Event "AsianNationCup2018-OpenRapid"]
[Site "?"]
[Date "2018.07.27"]
[Round "7.10"]
[White "Mohammad, Minhaz Uddin"]
[Black "Khoroshev, Nikita"]
[Result "1-0"]
[BlackElo "2286"]
[WhiteElo "2380"]
[LiveChessVersion "1.4.8"]

1. e4 {[%clk 0:15:15]} e5 {[%clk 0:15:17]} 2. Nf3 {[%clk 0:15:22]} Nc6
{[%clk 0:15:26]} 3. Bc4 {[%clk 0:15:31]} Nf6 {[%clk 0:15:29]} 4. d3
{[%clk 0:15:35]} Be7 {[%clk 0:15:35]} 5. O-O {[%clk 0:15:37]} O-O
{[%clk 0:15:42]} 6. a4 {[%clk 0:15:33]} d6 {[%clk 0:15:20]} 7. h3
{[%clk 0:15:39]} Be6 {[%clk 0:14:59]} 8. Re1 {[%clk 0:15:32]} Nd7
{[%clk 0:14:18]} 9. Nbd2 {[%clk 0:15:24]} Nc5 {[%clk 0:14:14]} 10. Nf1
{[%clk 0:15:16]} Bf6 {[%clk 0:13:50]} 11. Ng3 {[%clk 0:12:54]} g6
{[%clk 0:13:56]} 12. Bh6 {[%clk 0:12:57]} Re8 {[%clk 0:13:50]} 13. Qd2
{[%clk 0:12:56]} a5 {[%clk 0:12:56]} 14. Ng5 {[%clk 0:11:37]} Bxc4
{[%clk 0:12:40]} 15. dxc4 {[%clk 0:11:42]} Nd4 {[%clk 0:12:39]} 16. h4
{[%clk 0:11:02]} Qd7 {[%clk 0:11:26]} 17. f3 {[%clk 0:11:05]} Nxa4
{[%clk 0:10:47]} 18. b3 {[%clk 0:10:03]} Nc5 {[%clk 0:10:56]} 19. Kf2
{[%clk 0:09:05]} a4 {[%clk 0:07:34]} 20. b4 {[%clk 0:09:09]} Nce6
{[%clk 0:07:43]} 21. Ra3 {[%clk 0:08:37]} Nf4 {[%clk 0:07:36]} 22. c3
{[%clk 0:07:43]} Nb3 {[%clk 0:06:49]} 23. Qe3 {[%clk 0:07:51]} Qc6
{[%clk 0:06:43]} 24. Ne2 {[%clk 0:07:50]} Nxe2 {[%clk 0:05:56]} 25. Qxe2
{[%clk 0:07:47]} b5 {[%clk 0:06:05]} 26. Qe3 {[%clk 0:06:08]} bxc4
{[%clk 0:05:44]} 27. Qe2 {[%clk 0:05:09]} Red8 {[%clk 0:04:14]} 28. Rh1
{[%clk 0:02:30]} d5 {[%clk 0:04:12]} 29. exd5 {[%clk 0:01:51]} Rxd5
{[%clk 0:04:19]} 30. Ne4 {[%clk 0:01:56]} Bh8 {[%clk 0:04:28]} 31. g4
{[%clk 0:01:23]} Rad8 {[%clk 0:04:14]} 32. h5 {[%clk 0:01:19]} Rd3
{[%clk 0:03:55]} 33. Bg5 {[%clk 0:00:33]} Rf8 {[%clk 0:03:27]} 34. Kg3 f5
{[%clk 0:03:30]} 35. hxg6 {[%clk 0:00:15]} Qxg6 {[%clk 0:01:43]} 36. Rh6
{[%clk 0:00:17]} Qg7 {[%clk 0:01:49]} 37. Nf6+ {[%clk 0:00:16]} Rxf6
{[%clk 0:01:48]} 38. Rxf6 {[%clk 0:00:24]} Qxg5 {[%clk 0:01:37]} 39. Rxf5
{[%clk 0:00:33]} Qe3 {[%clk 0:00:39]} 40. Qxe3 {[%clk 0:00:25]} Rxe3
{[%clk 0:00:48]} 41. Rxa4 {[%clk 0:00:34]} e4 {[%clk 0:00:46]} 42. Ra8+ Kg7 43.
Rc8 {[%clk 0:00:12]} Rxf3+ {[%clk 0:00:25]} 44. Rxf3 {[%clk 0:00:20]} exf3
{[%clk 0:00:34]} 45. Kxf3 {[%clk 0:00:17]} h6 {[%clk 0:00:39]} 46. Ke3
{[%clk 0:00:15]} Kh7 {[%clk 0:00:28]} 47. Rxc7+ {[%clk 0:00:24]} Kg6
{[%clk 0:00:37]} 48. Rxc4 {[%clk 0:00:28]} Be5 {[%clk 0:00:43]} 49. Kd3
{[%clk 0:00:26]} Kg5 {[%clk 0:00:42]} 50. Kc2 {[%clk 0:00:35]} Na1+
{[%clk 0:00:49]} 51. Kb2 {[%clk 0:00:44]} Bf4 {[%clk 0:00:58]} 52. b5
{[%clk 0:00:46]} Kxg4 {[%clk 0:01:02]} 53. b6 {[%clk 0:00:54]} Kg5
{[%clk 0:01:10]} 54. Rxf4 {[%clk 0:01:02]} 1-0

[Event "AsianNationCup2018-OpenRapid"]
[Site "?"]
[Date "2018.07.27"]
[Round "7.11"]
[White "Sindarov, Javokhir"]
[Black "Islam, Kh. Aminul"]
[Result "1-0"]
[BlackElo "2319"]
[WhiteElo "2287"]
[LiveChessVersion "1.4.8"]

1. e4 {[%clk 0:15:18]} e5 {[%clk 0:15:15]} 2. Nf3 {[%clk 0:15:23]} Nc6
{[%clk 0:15:24]} 3. d4 {[%clk 0:15:32]} exd4 {[%clk 0:15:33]} 4. Nxd4
{[%clk 0:15:41]} Nf6 {[%clk 0:15:18]} 5. Nxc6 {[%clk 0:15:49]} bxc6
{[%clk 0:15:28]} 6. e5 Qe7 7. Qe2 {[%clk 0:16:02]} Nd5 {[%clk 0:15:46]} 8. c4
{[%clk 0:16:10]} Nb6 {[%clk 0:15:56]} 9. b3 {[%clk 0:15:45]} a5 {[%clk 0:16:04]}
10. Ba3 {[%clk 0:14:00]} Qe6 {[%clk 0:16:11]} 11. Bxf8 {[%clk 0:13:42]} Kxf8
{[%clk 0:16:16]} 12. Nc3 {[%clk 0:12:57]} Ba6 {[%clk 0:16:16]} 13. O-O-O
{[%clk 0:10:44]} Re8 {[%clk 0:13:54]} 14. f4 {[%clk 0:10:35]} f6 {[%clk 0:09:12]}
15. Qd2 {[%clk 0:09:55]} Bb7 {[%clk 0:01:56]} 16. Bd3 {[%clk 0:08:46]} d5
{[%clk 0:00:53]} 17. exd6 {[%clk 0:08:24]} Qxd6 {[%clk 0:00:39]} 18. Kb1
{[%clk 0:08:17]} a4 {[%clk 0:00:38]} 19. Ne4 {[%clk 0:08:10]} Qa3
{[%clk 0:00:14]} 20. Qa5 {[%clk 0:08:04]} Kf7 {[%clk 0:00:12]} 21. Rhe1
{[%clk 0:07:53]} Ra8 {[%clk 0:00:21]} 22. Ng5+ 1-0

[Event "AsianNationCup2018-OpenRapid"]
[Site "?"]
[Date "2018.07.27"]
[Round "7.12"]
[White "Ahmed, Sk. Nasir"]
[Black "Abdisalimov, Abdimalik"]
[Result "0-1"]
[BlackElo "2135"]
[WhiteElo "2286"]
[LiveChessVersion "1.4.8"]

1. c4 {[%clk 0:15:16]} c5 {[%clk 0:15:18]} 2. Nf3 {[%clk 0:15:16]} Nc6
{[%clk 0:15:26]} 3. e3 {[%clk 0:15:10]} Nf6 {[%clk 0:15:30]} 4. Nc3
{[%clk 0:15:12]} g6 {[%clk 0:15:37]} 5. d4 {[%clk 0:15:14]} cxd4 {[%clk 0:15:45]}
6. exd4 {[%clk 0:15:20]} d5 {[%clk 0:15:54]} 7. cxd5 {[%clk 0:15:22]} Nxd5
{[%clk 0:16:02]} 8. Qb3 {[%clk 0:15:17]} e6 {[%clk 0:16:11]} 9. Bg5
{[%clk 0:10:28]} Be7 {[%clk 0:14:00]} 10. Bh6 {[%clk 0:10:03]} Bf8
{[%clk 0:12:44]} 11. Bg5 {[%clk 0:09:54]} f6 {[%clk 0:11:10]} 12. Bd2
{[%clk 0:09:15]} Bg7 {[%clk 0:11:05]} 13. Bc4 {[%clk 0:08:41]} Nce7
{[%clk 0:11:04]} 14. O-O {[%clk 0:08:30]} O-O {[%clk 0:11:09]} 15. Rfe1
{[%clk 0:08:27]} b6 {[%clk 0:10:13]} 16. Rac1 {[%clk 0:07:57]} Re8
{[%clk 0:10:07]} 17. Nxd5 {[%clk 0:07:38]} exd5 {[%clk 0:08:57]} 18. Rxe7
{[%clk 0:05:33]} Qxe7 {[%clk 0:08:47]} 19. Bxd5+ {[%clk 0:05:37]} Be6
{[%clk 0:08:54]} 20. Bb4 {[%clk 0:04:40]} Bxd5 {[%clk 0:07:57]} 21. Qxd5+
{[%clk 0:04:39]} Qf7 {[%clk 0:08:06]} 22. Qxf7+ {[%clk 0:04:14]} Kxf7
{[%clk 0:08:14]} 23. Rc7+ {[%clk 0:04:22]} Kg8 {[%clk 0:08:24]} 24. g3
{[%clk 0:04:17]} Bf8 {[%clk 0:08:26]} 25. Bc3 {[%clk 0:04:21]} Rec8
{[%clk 0:08:18]} 26. Rb7 {[%clk 0:04:25]} Rcb8 {[%clk 0:08:03]} 27. Rc7
{[%clk 0:04:27]} Bd6 {[%clk 0:07:59]} 28. Rd7 {[%clk 0:04:10]} Rd8
{[%clk 0:06:51]} 29. Rb7 {[%clk 0:04:16]} Bf8 {[%clk 0:06:59]} 30. h4
{[%clk 0:02:20]} Re8 {[%clk 0:05:55]} 31. Rc7 {[%clk 0:02:04]} Re7
{[%clk 0:05:44]} 32. Rc6 {[%clk 0:02:13]} Bg7 {[%clk 0:05:13]} 33. Nh2
{[%clk 0:01:46]} Kf7 {[%clk 0:04:58]} 34. Nf3 {[%clk 0:00:54]} Rd8
{[%clk 0:05:03]} 35. Kg2 {[%clk 0:01:00]} Rdd7 {[%clk 0:04:21]} 36. Rc8
{[%clk 0:00:55]} Rc7 {[%clk 0:04:27]} 37. Rd8 {[%clk 0:00:54]} Re8
{[%clk 0:04:36]} 38. Rd5 {[%clk 0:00:58]} Bf8 {[%clk 0:04:44]} 39. g4
{[%clk 0:00:55]} a6 {[%clk 0:04:48]} 40. Ng1 0-1

[Event "AsianNationCup2018-OpenRapid"]
[Site "?"]
[Date "2018.07.27"]
[Round "7.13"]
[White "Lu, Shanglei"]
[Black "Khairallah, Ralph"]
[Result "1-0"]
[BlackElo "1840"]
[WhiteElo "2663"]
[LiveChessVersion "1.4.8"]

1. e4 {[%clk 0:15:18]} e6 {[%clk 0:15:19]} 2. d4 {[%clk 0:15:22]} d5
{[%clk 0:15:28]} 3. Nd2 {[%clk 0:15:30]} c5 {[%clk 0:15:31]} 4. Ngf3
{[%clk 0:15:36]} Nf6 {[%clk 0:15:27]} 5. exd5 {[%clk 0:15:36]} exd5
{[%clk 0:15:34]} 6. Bb5+ {[%clk 0:15:41]} Bd7 {[%clk 0:15:37]} 7. Bxd7+
{[%clk 0:14:39]} Nbxd7 {[%clk 0:15:44]} 8. O-O {[%clk 0:14:30]} Be7
{[%clk 0:15:45]} 9. dxc5 {[%clk 0:14:19]} Nxc5 {[%clk 0:15:42]} 10. Nb3
{[%clk 0:14:27]} Nce4 {[%clk 0:15:20]} 11. Nfd4 {[%clk 0:14:22]} O-O
{[%clk 0:14:26]} 12. f3 {[%clk 0:14:29]} Nd6 {[%clk 0:12:16]} 13. Re1
{[%clk 0:14:26]} h6 {[%clk 0:11:29]} 14. c3 {[%clk 0:13:34]} Re8 {[%clk 0:11:12]}
15. Qc2 {[%clk 0:12:52]} Rc8 {[%clk 0:10:00]} 16. Bf4 {[%clk 0:12:04]} Nc4
{[%clk 0:08:55]} 17. Nf5 {[%clk 0:11:05]} Bf8 {[%clk 0:08:25]} 18. Rxe8
{[%clk 0:09:51]} Qxe8 {[%clk 0:08:33]} 19. Qf2 {[%clk 0:09:24]} Nh5
{[%clk 0:07:14]} 20. Be3 {[%clk 0:07:29]} Nxe3 {[%clk 0:06:19]} 21. Qxe3
{[%clk 0:06:33]} Qd7 {[%clk 0:05:11]} 22. g4 {[%clk 0:06:30]} Re8
{[%clk 0:04:58]} 23. Qd2 {[%clk 0:06:31]} Nf6 {[%clk 0:04:15]} 24. Nbd4
{[%clk 0:06:30]} Bc5 {[%clk 0:02:57]} 25. Kh1 {[%clk 0:06:33]} Qc7
{[%clk 0:01:38]} 26. Rg1 {[%clk 0:03:55]} Bxd4 {[%clk 0:00:36]} 27. Nxd4
{[%clk 0:02:00]} Qe5 {[%clk 0:00:31]} 28. Rg2 {[%clk 0:02:09]} Qe1+
{[%clk 0:00:25]} 29. Qxe1 {[%clk 0:02:18]} Rxe1+ {[%clk 0:00:34]} 30. Rg1
{[%clk 0:02:27]} Rxg1+ {[%clk 0:00:35]} 31. Kxg1 {[%clk 0:02:36]} g6
{[%clk 0:00:21]} 32. Nb5 {[%clk 0:02:30]} a6 {[%clk 0:00:24]} 33. Nd6
{[%clk 0:02:38]} b6 {[%clk 0:00:26]} 34. Kf2 {[%clk 0:02:45]} Kf8
{[%clk 0:00:31]} 35. Ke3 {[%clk 0:02:54]} b5 {[%clk 0:00:26]} 36. Nb7
{[%clk 0:02:43]} Ke7 {[%clk 0:00:25]} 37. Nc5 {[%clk 0:02:50]} a5
{[%clk 0:00:33]} 38. Nb3 {[%clk 0:02:51]} a4 {[%clk 0:00:14]} 39. Nd4
{[%clk 0:02:58]} Kd6 {[%clk 0:00:18]} 40. Nxb5+ {[%clk 0:03:06]} Kc5
{[%clk 0:00:24]} 41. Nd4 {[%clk 0:02:58]} Nd7 {[%clk 0:00:25]} 42. b3
{[%clk 0:03:01]} Nb6 {[%clk 0:00:15]} 43. h4 {[%clk 0:03:03]} axb3
{[%clk 0:00:14]} 44. axb3 {[%clk 0:03:12]} Nd7 {[%clk 0:00:22]} 45. h5
{[%clk 0:02:48]} Nf6 {[%clk 0:00:14]} 46. hxg6 {[%clk 0:02:18]} fxg6
{[%clk 0:00:24]} 47. Ne6+ {[%clk 0:02:27]} Kd6 {[%clk 0:00:23]} 48. Nf4
{[%clk 0:02:36]} g5 {[%clk 0:00:24]} 49. Nh5 {[%clk 0:02:44]} Nd7
{[%clk 0:00:25]} 50. Ng3 {[%clk 0:02:02]} Nc5 {[%clk 0:00:11]} 51. b4
{[%clk 0:02:03]} Na4 {[%clk 0:00:14]} 52. Kd4 {[%clk 0:02:09]} Ke6
{[%clk 0:00:20]} 53. Nf5 1-0

[Event "AsianNationCup2018-OpenRapid"]
[Site "?"]
[Date "2018.07.27"]
[Round "7.14"]
[White "Hariri, Nizar"]
[Black "Wen, Yang"]
[Result "0-1"]
[BlackElo "2571"]
[WhiteElo "2033"]
[LiveChessVersion "1.4.8"]

1. d4 {[%clk 0:15:17]} Nf6 {[%clk 0:15:19]} 2. c4 e6 3. Nf3 {[%clk 0:15:33]} d5
{[%clk 0:15:34]} 4. g3 {[%clk 0:15:39]} dxc4 5. Bg2 Bb4+ {[%clk 0:15:31]} 6. Bd2
a5 7. Qc2 {[%clk 0:13:44]} Bxd2+ {[%clk 0:15:41]} 8. Nbxd2 {[%clk 0:13:46]} b5
{[%clk 0:15:48]} 9. a4 c6 10. O-O {[%clk 0:11:50]} Bb7 {[%clk 0:15:21]} 11. b3
{[%clk 0:11:56]} cxb3 {[%clk 0:15:18]} 12. Nxb3 {[%clk 0:12:03]} b4
{[%clk 0:15:17]} 13. Nc5 {[%clk 0:11:49]} Ra7 {[%clk 0:14:39]} 14. e4
{[%clk 0:11:54]} O-O {[%clk 0:13:55]} 15. Rfd1 {[%clk 0:11:49]} h6
{[%clk 0:13:35]} 16. Ne5 {[%clk 0:11:09]} Ba8 {[%clk 0:10:45]} 17. Rac1
{[%clk 0:09:30]} Qe7 {[%clk 0:09:26]} 18. Nb3 {[%clk 0:09:24]} Rd8
{[%clk 0:08:40]} 19. Qc5 {[%clk 0:09:30]} Qxc5 20. Rxc5 Nbd7 {[%clk 0:08:18]} 21.
Nxd7 {[%clk 0:09:34]} Nxd7 {[%clk 0:08:25]} 22. Rxa5 Rxa5 23. Nxa5
{[%clk 0:09:45]} Nb6 {[%clk 0:08:18]} 24. Nb3 {[%clk 0:09:05]} Nxa4 25. Ra1 Nc3
{[%clk 0:08:23]} 26. Kf1 {[%clk 0:08:59]} Bb7 {[%clk 0:07:22]} 27. Ra7
{[%clk 0:09:01]} Bc8 {[%clk 0:06:52]} 28. f4 {[%clk 0:07:51]} e5 {[%clk 0:05:15]}
29. Ra8 {[%clk 0:06:02]} exd4 {[%clk 0:05:01]} 30. Nxd4 {[%clk 0:06:10]} c5
{[%clk 0:03:19]} 31. Nc6 Re8 32. Ke1 {[%clk 0:02:08]} Bd7 {[%clk 0:03:29]} 33.
Ne7+ {[%clk 0:02:13]} Kf8 {[%clk 0:03:35]} 34. Rxe8+ {[%clk 0:02:20]} Kxe8 35.
Nd5 Nxd5 36. exd5 Ke7 {[%clk 0:03:59]} 37. Kd2 {[%clk 0:02:46]} Kd6
{[%clk 0:04:07]} 38. Kd3 {[%clk 0:02:53]} Bb5+ 0-1

[Event "AsianNationCup2018-OpenRapid"]
[Site "?"]
[Date "2018.07.27"]
[Round "7.15"]
[White "Bai, Jinshi"]
[Black "El Jawich, Amro"]
[Result "1-0"]
[BlackElo "2292"]
[WhiteElo "2443"]
[LiveChessVersion "1.4.8"]

1. d4 {[%clk 0:15:19]} Nf6 {[%clk 0:15:19]} 2. c4 {[%clk 0:15:27]} g6
{[%clk 0:15:26]} 3. Nc3 {[%clk 0:15:34]} Bg7 {[%clk 0:15:35]} 4. e4
{[%clk 0:15:40]} d6 {[%clk 0:15:44]} 5. Nf3 {[%clk 0:15:48]} O-O {[%clk 0:15:51]}
6. Be2 {[%clk 0:15:57]} e5 {[%clk 0:15:58]} 7. dxe5 {[%clk 0:16:04]} dxe5
{[%clk 0:16:07]} 8. O-O {[%clk 0:16:12]} Nbd7 {[%clk 0:13:51]} 9. b4
{[%clk 0:16:19]} c6 {[%clk 0:12:16]} 10. Ba3 {[%clk 0:16:27]} Re8
{[%clk 0:12:13]} 11. Qb3 {[%clk 0:16:32]} a5 {[%clk 0:11:02]} 12. b5
{[%clk 0:16:34]} Bf8 {[%clk 0:10:59]} 13. Rfd1 {[%clk 0:14:41]} Qc7
{[%clk 0:09:36]} 14. Bxf8 {[%clk 0:12:21]} Kxf8 {[%clk 0:09:13]} 15. Qa3+
{[%clk 0:12:05]} c5 {[%clk 0:07:18]} 16. Nd5 {[%clk 0:11:36]} Nxd5
{[%clk 0:05:22]} 17. cxd5 {[%clk 0:11:44]} Qd6 {[%clk 0:04:52]} 18. Nd2
{[%clk 0:11:15]} b6 {[%clk 0:04:54]} 19. Nc4 {[%clk 0:11:23]} Qf6
{[%clk 0:04:05]} 20. Bg4 {[%clk 0:09:57]} h5 {[%clk 0:03:39]} 21. Bh3
{[%clk 0:09:51]} Kg7 {[%clk 0:03:45]} 22. Bxd7 {[%clk 0:09:24]} Bxd7
{[%clk 0:03:53]} 23. Qb2 {[%clk 0:09:33]} h4 {[%clk 0:03:37]} 24. Rd3
{[%clk 0:06:15]} Rab8 {[%clk 0:02:59]} 25. a4 {[%clk 0:06:12]} Qg5
{[%clk 0:01:36]} 26. Re1 {[%clk 0:04:59]} f6 {[%clk 0:01:44]} 27. Ree3
{[%clk 0:05:06]} Rh8 {[%clk 0:01:36]} 28. Qe2 {[%clk 0:04:59]} Bg4
{[%clk 0:01:38]} 29. Qe1 {[%clk 0:04:57]} Bd7 {[%clk 0:01:28]} 30. Rd2
{[%clk 0:04:47]} Bg4 {[%clk 0:01:12]} 31. Red3 {[%clk 0:04:54]} Bd7
{[%clk 0:01:19]} 32. f3 {[%clk 0:04:40]} Bc8 {[%clk 0:00:55]} 33. Qf2
{[%clk 0:04:40]} Bd7 {[%clk 0:00:58]} 34. Rd1 {[%clk 0:04:47]} Qh6
{[%clk 0:00:58]} 35. R3d2 {[%clk 0:03:36]} Rhe8 {[%clk 0:00:50]} 36. Rf1
{[%clk 0:03:34]} g5 {[%clk 0:00:39]} 37. Rc1 {[%clk 0:03:42]} Kg6
{[%clk 0:00:30]} 38. Qe3 {[%clk 0:03:37]} Qf8 {[%clk 0:00:33]} 39. g3
{[%clk 0:03:40]} h3 {[%clk 0:00:24]} 40. f4 {[%clk 0:03:26]} exf4
{[%clk 0:00:23]} 41. gxf4 {[%clk 0:03:34]} gxf4 {[%clk 0:00:18]} 42. Qxf4
{[%clk 0:03:43]} Qh6 {[%clk 0:00:28]} 43. Rf1 {[%clk 0:03:19]} Qxf4
{[%clk 0:00:15]} 44. Rxf4 {[%clk 0:03:28]} Kf7 {[%clk 0:00:12]} 45. Rdf2
{[%clk 0:03:28]} Rg8+ {[%clk 0:00:21]} 46. Kf1 {[%clk 0:03:36]} Rg6
{[%clk 0:00:13]} 47. Ne5+ {[%clk 0:03:43]} 1-0

[Event "AsianNationCup2018-OpenRapid"]
[Site "?"]
[Date "2018.07.27"]
[Round "7.16"]
[White "Najjar, Ahmad"]
[Black "Xu, Xiangyu"]
[Result "0-1"]
[BlackElo "2301"]
[WhiteElo "2201"]
[LiveChessVersion "1.4.8"]

1. d4 {[%clk 0:15:19]} Nf6 {[%clk 0:15:19]} 2. Nf3 {[%clk 0:15:28]} g6
{[%clk 0:15:27]} 3. Bf4 {[%clk 0:15:37]} Bg7 {[%clk 0:15:35]} 4. e3
{[%clk 0:15:46]} O-O {[%clk 0:15:44]} 5. Be2 {[%clk 0:15:51]} d6 {[%clk 0:15:50]}
6. O-O {[%clk 0:15:58]} Nh5 {[%clk 0:15:40]} 7. Bg5 {[%clk 0:16:07]} h6
{[%clk 0:15:48]} 8. Bh4 {[%clk 0:16:16]} g5 {[%clk 0:15:57]} 9. Nfd2
{[%clk 0:16:25]} Nf6 10. Bg3 c5 {[%clk 0:15:52]} 11. c4 {[%clk 0:16:36]} Nc6
{[%clk 0:15:37]} 12. d5 {[%clk 0:16:11]} Ne5 {[%clk 0:15:43]} 13. Nc3
{[%clk 0:16:09]} Ng6 {[%clk 0:15:35]} 14. Bd3 {[%clk 0:15:51]} e5
{[%clk 0:15:14]} 15. dxe6 {[%clk 0:15:52]} Bxe6 {[%clk 0:15:22]} 16. Qc2
{[%clk 0:15:21]} Ne5 {[%clk 0:14:58]} 17. Bxe5 {[%clk 0:15:19]} dxe5
{[%clk 0:15:06]} 18. Rad1 {[%clk 0:15:16]} Qc8 {[%clk 0:14:42]} 19. b3
{[%clk 0:14:56]} Kh8 {[%clk 0:14:44]} 20. Nde4 {[%clk 0:14:41]} Nxe4
{[%clk 0:14:21]} 21. Bxe4 {[%clk 0:14:42]} f5 {[%clk 0:14:14]} 22. Bd5
{[%clk 0:14:46]} Bd7 {[%clk 0:14:03]} 23. Rd2 {[%clk 0:14:23]} Qc7
{[%clk 0:14:07]} 24. Rfd1 {[%clk 0:14:20]} Rad8 {[%clk 0:14:14]} 25. e4
{[%clk 0:13:19]} f4 {[%clk 0:14:14]} 26. Rd3 {[%clk 0:13:18]} Bc8
{[%clk 0:14:12]} 27. Qe2 {[%clk 0:12:37]} g4 {[%clk 0:14:02]} 28. f3
{[%clk 0:11:43]} h5 {[%clk 0:14:02]} 29. Qf2 {[%clk 0:11:21]} Qe7
{[%clk 0:14:09]} 30. a4 {[%clk 0:10:44]} Qg5 {[%clk 0:12:53]} 31. fxg4
{[%clk 0:09:56]} Bxg4 {[%clk 0:12:52]} 32. R1d2 {[%clk 0:09:29]} b6
{[%clk 0:12:57]} 33. h3 {[%clk 0:09:13]} Bc8 {[%clk 0:12:30]} 34. Kh2
{[%clk 0:08:57]} f3 {[%clk 0:11:46]} 35. g3 {[%clk 0:08:41]} Rd6 {[%clk 0:11:27]}
36. Nb5 {[%clk 0:08:25]} Rg6 {[%clk 0:11:10]} 37. Rd1 {[%clk 0:07:04]} Bxh3
{[%clk 0:09:14]} 38. Kxh3 {[%clk 0:05:57]} Qg4+ {[%clk 0:09:23]} 39. Kh2
{[%clk 0:06:04]} h4 {[%clk 0:09:31]} 40. Rg1 {[%clk 0:04:59]} Rh6
{[%clk 0:09:39]} 0-1

[Event "AsianNationCup2018-WomenRapid"]
[Site "?"]
[Date "2018.07.27"]
[Round "1.1"]
[White "Tokhirjonova, Gulrukhbegim"]
[Black "Pham, Le Thao Nguyen"]
[Result "1-0"]
[WhiteElo "2283"]
[BlackElo "2456"]
[PlyCount "25"]
[EventDate "2018.??.??"]
[EventType "rapid"]
[WhiteClock "0:07:34"]
[BlackClock "0:10:18"]

1. d4 Nf6 2. Nf3 g6 3. g3 c5 4. c3 b6 5. Bg2 Bb7 6. O-O Bg7 7. dxc5 bxc5 8. Be3
Qc7 9. Qc1 Ng4 10. Bd2 h5 11. h3 Nf6 12. Na3 a6 13. Nc4 1-0

[Event "AsianNationCup2018-WomenRapid"]
[Site "?"]
[Date "2018.07.27"]
[Round "1.2"]
[White "Hoang, Thi Bao Tram"]
[Black "Kurbonboeva, Sarvinoz"]
[Result "1/2-1/2"]
[BlackElo "2140"]
[WhiteElo "2329"]
[LiveChessVersion "1.4.8"]

1. d4 {[%clk 0:15:13]} Nf6 {[%clk 0:15:19]} 2. c4 {[%clk 0:15:16]} g6
{[%clk 0:15:27]} 3. Nc3 {[%clk 0:15:12]} Bg7 {[%clk 0:15:36]} 4. e4
{[%clk 0:15:18]} d6 {[%clk 0:15:45]} 5. Be2 {[%clk 0:15:15]} O-O {[%clk 0:15:51]}
6. Bg5 {[%clk 0:15:22]} Na6 {[%clk 0:15:22]} 7. Nf3 {[%clk 0:15:04]} Qe8
{[%clk 0:14:20]} 8. Qd2 {[%clk 0:11:39]} e5 {[%clk 0:12:52]} 9. dxe5
{[%clk 0:11:17]} dxe5 {[%clk 0:13:00]} 10. Bh6 {[%clk 0:11:08]} Bg4
{[%clk 0:09:53]} 11. Bxg7 {[%clk 0:10:33]} Kxg7 {[%clk 0:10:02]} 12. O-O
{[%clk 0:10:26]} Nc5 {[%clk 0:06:56]} 13. Qe3 {[%clk 0:10:28]} Bxf3
{[%clk 0:07:04]} 14. Bxf3 Ne6 15. Rad1 {[%clk 0:08:00]} Qc6 {[%clk 0:05:35]} 16.
Be2 {[%clk 0:07:00]} Rfd8 {[%clk 0:04:57]} 17. Nd5 {[%clk 0:05:05]} Nd7
{[%clk 0:03:04]} 18. Bg4 {[%clk 0:04:27]} Ndf8 {[%clk 0:02:56]} 19. Qc3
{[%clk 0:03:59]} f6 {[%clk 0:02:21]} 20. Rd2 {[%clk 0:02:25]} Rd6
{[%clk 0:01:10]} 21. Rfd1 {[%clk 0:02:16]} Rad8 {[%clk 0:01:19]} 22. h4
{[%clk 0:01:20]} h5 {[%clk 0:01:27]} 23. Bh3 {[%clk 0:01:28]} Nd4
{[%clk 0:01:32]} 24. f4 {[%clk 0:01:12]} Qc5 {[%clk 0:01:06]} 25. Kh1
{[%clk 0:01:14]} a5 {[%clk 0:01:08]} 26. Qg3 {[%clk 0:01:09]} Re8
{[%clk 0:01:13]} 27. f5 {[%clk 0:00:54]} Qxc4 {[%clk 0:01:03]} 28. b3
{[%clk 0:00:44]} Qc5 {[%clk 0:00:57]} 29. fxg6 {[%clk 0:00:52]} Red8
{[%clk 0:00:44]} 30. Ne3 {[%clk 0:00:44]} Ne2 {[%clk 0:00:32]} 31. Nf5+
{[%clk 0:00:32]} Kg8 {[%clk 0:00:40]} 32. Nh6+ {[%clk 0:00:27]} Kg7
{[%clk 0:00:50]} 33. Nf5+ {[%clk 0:00:36]} Kg8 {[%clk 0:00:59]} 34. Nh6+ Kg7 35.
Nf5+ Kg8 36. Nh6+ {[%clk 0:00:28]} 1/2-1/2

[Event "AsianNationCup2018-WomenRapid"]
[Site "?"]
[Date "2018.07.27"]
[Round "1.4"]
[White "Nguyen, Thi Thanh An"]
[Black "Nadirjanova, Nodira"]
[Result "1-0"]
[WhiteElo "2248"]
[BlackElo "2091"]
[PlyCount "28"]
[EventDate "2018.??.??"]
[EventType "rapid"]
[WhiteClock "0:09:35"]
[BlackClock "0:08:54"]

1. e4 g6 2. d4 Bg7 3. Nc3 c6 4. f4 d5 5. e5 Nh6 6. Nf3 Bf5 7. Be2 b5 8. a3 Nd7
9. O-O Nb6 10. a4 a6 11. b3 O-O 12. a5 Nd7 13. b4 f6 14. h3 e6 1-0

[Event "AsianNationCup2018-WomenRapid"]
[Site "?"]
[Date "2018.07.27"]
[Round "1.5"]
[White "Asadi, Motahare"]
[Black "Shen, Yang"]
[Result "0-1"]
[WhiteElo "1825"]
[BlackElo "2332"]
[PlyCount "23"]
[EventDate "2018.??.??"]
[EventType "rapid"]
[WhiteClock "0:06:24"]
[BlackClock "0:10:00"]

1. d4 Nf6 2. Bg5 c5 3. d5 Ne4 4. h4 Qb6 5. Nd2 Nxd2 6. Bxd2 e5 7. e4 d6 8. a4
Nd7 9. a5 Qc7 10. c4 Be7 11. Bd3 Qd8 12. g3 0-1